[Event "16th Open"]
[Site "Abu Dhabi UAE"]
[Date "2006.08.13"]
[Round "2"]
[White "Jakovljevic,Vlado"]
[Black "Grigoriants,S RUS"]
[Result "0-1"]
[WhiteElo "2414"]
[BlackElo "2579"]
[EventDate "2006.08.12"]

1. Nf3 Nf6 2. c4 c5 3. Nc3 Nc6 4. d4 cxd4 5. Nxd4 e6 6. a3 Bc5 7. Nb3 Be7
8. e4 O-O 9. Be2 d6 10. O-O a6 11. Be3 b6 12. Nd4 Bb7 13. Nxc6 Bxc6 14. f3
Qb8 15. b4 Rd8 16. Bd4 Qb7 17. Qb3 b5 18. Rfd1 h6 19. e5 dxe5 20. Bxe5 Qb6+
21. Kf1 Qe3 22. Bg3 Nh5 23. Bf2 Qe5 24. g3 Nf6 25. Rxd8+ Rxd8 26. cxb5 axb5
27. Rd1 Rc8 28. Rd3 h5 29. Re3 Qb8 30. Qd1 h4 31. Bd3 Bd5 32. Ne2 Bd8 33.
Re5 Bxf3 0-1

[Event "16th Open"]
[Site "Abu Dhabi UAE"]
[Date "2006.08.13"]
[Round "2"]
[White "Anastasian,A"]
[Black "Abbasov,F"]
[Result "1/2-1/2"]
[WhiteElo "2566"]
[BlackElo "2443"]
[EventDate "2006.08.12"]

1. d4 d5 2. c4 e5 3. dxe5 d4 4. Nf3 Nc6 5. g3 Nge7 6. Bg5 h6 7. Bxe7 Bxe7
8. Bg2 g5 9. O-O g4 10. Ne1 Nxe5 11. Nd3 Ng6 12. Na3 O-O 13. Nc2 c6 14. Nc1
Bf6 15. Nb3 Qe7 16. Ncxd4 Rd8 17. c5 a5 18. a4 Be6 19. e3 Bxb3 20. Qxb3
Bxd4 21. exd4 Rxd4 22. Rfe1 Rb4 23. Qc3 Qg5 24. Re4 Rxe4 25. Bxe4 Nf8 26.
Re1 Ne6 27. Bb1 Qxc5 28. Qd3 Ng5 29. Kg2 Qd5+ 30. Qxd5 cxd5 31. Bf5 h5 32.
Re5 Rd8 33. Bb1 Nf3 34. Rxh5 d4 35. Bf5 f6 36. Bxg4 Ne5 37. Bd1 Kg7 38. b3
b6 39. Kf1 Kg6 40. Ke1 Nd3+ 41. Kd2 Nxf2 42. Rh4 f5 43. Bf3 Kg5 44. Ke2 Ng4
45. Bxg4 fxg4 46. Kd3 Rd5 47. Rh8 b5 48. Rg8+ Kf5 49. Rf8+ Ke6 50. Re8+ Kf6
51. Re4 bxa4 52. bxa4 Rh5 53. Re2 Rd5 54. Re4 Rh5 55. Rxg4 Rxh2 56. Kxd4
Rb2 57. Kd5 Rb3 58. Kc5 Kf5 59. Rd4 Rxg3 60. Kb5 Ke5 61. Rd1 Rb3+ 62. Kxa5
Ke6 63. Ka6 Rb2 64. Rd8 Rb4 65. a5 Ke7 66. Rd2 Rb3 67. Ka7 Rb5 68. a6 Rb1
69. Rh2 1/2-1/2

[Event "16th Open"]
[Site "Abu Dhabi UAE"]
[Date "2006.08.13"]
[Round "2"]
[White "Taleb,M"]
[Black "Mamedov,Rau"]
[Result "0-1"]
[WhiteElo "2409"]
[BlackElo "2561"]
[EventDate "2006.08.12"]

1. Nf3 Nf6 2. d4 g6 3. c3 Bg7 4. Bg5 d6 5. Nbd2 O-O 6. e4 c5 7. d5 h6 8.
Bxf6 Bxf6 9. Bc4 Nd7 10. O-O g5 11. Ne1 Ne5 12. Nd3 Bg4 13. f3 Bh5 14. Nxe5
Bxe5 15. Bd3 e6 16. a4 Qf6 17. Nc4 exd5 18. exd5 Rae8 19. Qc2 Re7 20. Rae1
Rfe8 21. Be4 Bg6 22. g3 h5 23. Kg2 h4 24. Bxg6 fxg6 25. Re4 Qf7 26. gxh4
gxh4 27. Rxh4 Bf4 28. Rf2 Kg7 29. Qd3 Re1 30. a5 Rc1 31. Re2 Re1 32. Rxe8
Rxe8 33. Nd2 Re3 34. Qc4 g5 35. Rg4 Qf5 36. Ne4 Rxf3 37. Kxf3 Be5+ 38. Ke3
Qxg4 39. Qe2 Bf4+ 40. Kf2 Qh4+ 41. Kg1 Bxh2+ 0-1

[Event "16th Open"]
[Site "Abu Dhabi UAE"]
[Date "2006.08.13"]
[Round "2"]
[White "Goloshchapov,A"]
[Black "Allahverdiev,A"]
[Result "1/2-1/2"]
[WhiteElo "2558"]
[BlackElo "2435"]
[EventDate "2006.08.12"]

1. e4 e5 2. Nf3 Nc6 3. Bb5 a6 4. Ba4 Nf6 5. O-O Be7 6. Re1 b5 7. Bb3 d6 8.
c3 O-O 9. h3 Bb7 10. d4 Re8 11. Nbd2 Bf8 12. a3 h6 13. Bc2 Nb8 14. b3 Nbd7
15. Bb2 c6 16. Bd3 g6 17. Qc2 Qb6 18. a4 Nh5 19. Bf1 Nf4 20. b4 Bg7 21. Nb3
Rac8 22. Rad1 Ne6 23. Bc1 bxa4 24. Na5 exd4 25. cxd4 Ba8 26. Qxa4 Rb8 27.
d5 Nd4 28. Nxd4 Bxd4 29. Be3 Bxe3 30. Rxe3 Ne5 31. dxc6 Nxc6 32. Nxc6 Bxc6
33. Qc2 Bb5 34. Bxb5 axb5 35. Rd5 Re6 36. Qd3 Qc6 37. Qd2 Rc8 38. Kh2 Qc2
39. Qxc2 Rxc2 40. f3 Re5 41. Red3 Rb2 42. Rxd6 Rxb4 43. Rb6 Rb2 44. Rd5
Rxd5 45. exd5 b4 46. d6 Rd2 47. Rxb4 Rxd6 48. Kg3 1/2-1/2

[Event "16th Open"]
[Site "Abu Dhabi UAE"]
[Date "2006.08.13"]
[Round "2"]
[White "Khader,S"]
[Black "Neverov,V"]
[Result "1/2-1/2"]
[WhiteElo "2384"]
[BlackElo "2556"]
[EventDate "2006.08.12"]

1. e4 Nf6 2. e5 Nd5 3. d4 d6 4. c4 Nb6 5. exd6 exd6 6. Nf3 Be7 7. Be2 O-O
8. O-O Bg4 9. Be3 Bf6 10. Nbd2 Re8 11. Re1 c6 12. Qc2 d5 13. c5 N6d7 14.
Bd3 Nf8 15. Bf4 Rxe1+ 16. Rxe1 Bxf3 17. Nxf3 Nbd7 18. Bf5 g6 19. Bh3 Bg7
20. Qe2 b6 21. b4 bxc5 22. bxc5 f5 23. g4 fxg4 24. Bxg4 h6 25. Ne5 Nxe5 26.
dxe5 h5 27. e6 hxg4 28. e7 Qe8 29. exf8=Q+ Qxf8 30. Qe6+ Kh7 31. Qxc6 Rc8
32. Qd7 Rxc5 33. Re7 Qf6 34. Rf7 Qc3 35. Qxg4 Qe1+ 36. Kg2 Qe4+ 37. Qf3 Qe6
1/2-1/2

[Event "16th Open"]
[Site "Abu Dhabi UAE"]
[Date "2006.08.13"]
[Round "2"]
[White "Potkin,V"]
[Black "Ushenina,A"]
[Result "1-0"]
[WhiteElo "2556"]
[BlackElo "2410"]
[EventDate "2006.08.12"]

1. e4 g6 2. d4 Bg7 3. Nf3 c5 4. c3 cxd4 5. cxd4 d6 6. h3 Nf6 7. Bd3 O-O 8.
O-O Nc6 9. Nc3 e5 10. dxe5 dxe5 11. Bc4 h6 12. Be3 Bd7 13. Qd2 g5 14. Rfd1
Qc8 15. Rac1 Rd8 16. Qc2 g4 17. hxg4 Nxg4 18. Nd5 Kh8 19. b4 Nxe3 20. fxe3
Re8 21. Qf2 Qd8 22. Nh4 Bg4 23. Rf1 Rc8 24. Nf5 Bxf5 25. Qxf5 Ne7 26. Qxf7
Nxd5 27. Bxd5 Qb6 28. Rxc8 Rxc8 29. Qxb7 Qxb7 30. Bxb7 Rb8 31. Rf7 Bf8 32.
a3 a5 33. Rxf8+ Rxf8 34. bxa5 Rd8 35. a6 1-0

[Event "16th Open"]
[Site "Abu Dhabi UAE"]
[Date "2006.08.13"]
[Round "2"]
[White "Ghader Pour,S"]
[Black "Kengis,E"]
[Result "0-1"]
[WhiteElo "2152"]
[BlackElo "2539"]
[EventDate "2006.08.12"]

1. e4 c5 2. c3 d6 3. d4 Nf6 4. Bd3 g6 5. h3 Bg7 6. Nf3 O-O 7. O-O Nfd7 8.
Re1 Nc6 9. Bf1 cxd4 10. cxd4 Qb6 11. d5 Nce5 12. Nc3 f5 13. exf5 Rxf5 14.
Nd4 Qxd4 15. Qxd4 Nf3+ 16. gxf3 Bxd4 17. f4 Kf8 18. Nb5 Bb6 19. Be3 Nf6 20.
Bxb6 axb6 21. Bg2 Bd7 22. Nd4 Rxf4 23. Ne6+ Bxe6 24. dxe6 Rc8 25. Rac1 Rfc4
26. Rxc4 Rxc4 27. Bxb7 Rc2 28. b3 Rxa2 29. Rc1 Nh5 30. Rc8+ Kg7 31. Re8 Kf6
32. Bc8 Ra8 33. h4 Ke5 34. b4 Nf6 35. Rf8 d5 36. f4+ Kd6 37. Kf2 Kc7 38.
Rf7 0-1

[Event "16th Open"]
[Site "Abu Dhabi UAE"]
[Date "2006.08.13"]
[Round "2"]
[White "Magerramov,E"]
[Black "Darban,M"]
[Result "0-1"]
[WhiteElo "2530"]
[BlackElo "2390"]
[EventDate "2006.08.12"]

1. Nf3 Nf6 2. d4 d5 3. c4 e6 4. Nc3 dxc4 5. e4 Bb4 6. Bg5 c5 7. Bxc4 cxd4
8. Nxd4 Qa5 9. Bb5+ Bd7 10. Bxf6 Bxc3+ 11. bxc3 gxf6 12. Qb3 Bxb5 13. Nxb5
O-O 14. O-O Nd7 15. c4 a6 16. Qg3+ Kh8 17. Nd6 b6 18. Rfd1 Qg5 19. Qh3 Ra7
20. Rd3 Rc7 21. Rg3 Qf4 22. Rg4 Qe5 23. Rd1 f5 24. exf5 exf5 25. Nxf5 Re8
26. Ne3 Qe6 27. Qg3 Rc6 28. h3 Nf6 29. Rgd4 Ne4 30. Qf3 b5 31. cxb5 axb5
32. Nd5 Rc2 33. Nf4 Qe5 34. Rd5 Qf6 35. Re1 Rc4 36. Rxb5 Qc6 37. Rb3 Nd2
38. Rxe8+ Qxe8 39. Qd1 Nxb3 40. Qxb3 Rxf4 41. Qc3+ f6 0-1

[Event "16th Open"]
[Site "Abu Dhabi UAE"]
[Date "2006.08.13"]
[Round "2"]
[White "Al Sulaiti,G"]
[Black "Ibrahimov,R"]
[Result "0-1"]
[WhiteElo "2128"]
[BlackElo "2528"]
[EventDate "2006.08.12"]

1. e4 c5 2. Nf3 d6 3. d4 cxd4 4. Nxd4 Nf6 5. Nc3 a6 6. Be3 e5 7. Nf3 Qc7 8.
a4 h6 9. a5 Be6 10. Be2 Nbd7 11. Nd2 Be7 12. O-O O-O 13. f4 exf4 14. Rxf4
d5 15. Qf1 Bc5 16. Bxc5 Qxc5+ 17. Qf2 d4 18. Nd5 Rae8 19. Nxf6+ Nxf6 20.
Bd3 Ng4 21. Qg3 Ne5 22. Rf2 Rc8 23. h3 Rfd8 24. Nf3 Nxd3 25. cxd3 Qb5 26.
Nh4 Rc5 27. Kh2 Rdc8 28. Rd2 Rc2 29. Qf2 Qxb2 30. Rad1 Rxd2 31. Rxd2 Qc3
32. Nf3 Rd8 33. Qh4 Qxa5 34. Qe7 Qb6 35. Rb2 Qxb2 36. Qxd8+ Kh7 37. Nxd4
Qd2 38. Nxe6 fxe6 39. Qd6 b5 40. Qxe6 Qxd3 41. Qf5+ Kg8 42. Qc8+ Kf7 43.
Qxa6 Ke7 44. e5 Qd5 45. Qa7+ Ke6 46. Qb6+ Kxe5 47. Kh1 Kf5 48. Kh2 Qe5+ 49.
Kh1 Ke4 50. Qa5 Kd3 51. Qb4 Qa1+ 52. Kh2 Qe5+ 53. Kh1 Kc2 54. Kg1 Qd5 55.
Qg4 Qd1+ 0-1

[Event "16th Open"]
[Site "Abu Dhabi UAE"]
[Date "2006.08.13"]
[Round "2"]
[White "Rausis,I"]
[Black "Ramnath,B"]
[Result "1-0"]
[WhiteElo "2510"]
[BlackElo "2024"]
[EventDate "2006.08.12"]

1. e4 c5 2. Nf3 Nc6 3. c3 Nf6 4. e5 Nd5 5. d4 cxd4 6. cxd4 d6 7. Bc4 Nb6 8.
Bb3 d5 9. Nh4 e6 10. g3 Be7 11. Qg4 g6 12. Bh6 f5 13. Qh3 Nxd4 14. Nd2 Bg5
15. Nhf3 Nxf3+ 16. Nxf3 Bxh6 17. Qxh6 Qe7 18. O-O Qf8 19. Qf4 Qe7 20. Rac1
O-O 21. h4 Bd7 22. Rc7 Rab8 23. h5 Rfc8 24. Rxc8+ Rxc8 25. hxg6 hxg6 26.
Kg2 Bc6 27. Rh1 Nd7 28. Nd4 Nf8 29. g4 Rc7 30. Rh3 Kf7 31. Rh8 Bd7 32. gxf5
gxf5 33. Qh6 Rc4 34. Bd1 Ke8 35. Nxf5 exf5 36. Rxf8+ Qxf8 37. Bh5+ Qf7 38.
Bxf7+ 1-0

[Event "16th Open"]
[Site "Abu Dhabi UAE"]
[Date "2006.08.13"]
[Round "2"]
[White "Miroshnichenko,E"]
[Black "Mahmoody,M"]
[Result "1-0"]
[WhiteElo "2616"]
[BlackElo "2242"]
[EventDate "2006.08.12"]

1. Nf3 d5 2. c4 c6 3. d4 Nf6 4. Qc2 e6 5. g3 Nbd7 6. Bg2 Ne4 7. Nc3 Bb4 8.
O-O Ndf6 9. Ne5 Nxc3 10. bxc3 Be7 11. a4 O-O 12. Ba3 Re8 13. Rfb1 Bxa3 14.
Rxa3 Qe7 15. Rab3 Qc7 16. c5 g6 17. f4 Kg7 18. g4 Re7 19. c4 Nxg4 20. Nxg4
Qxf4 21. Rg3 Qxd4+ 22. e3 Qxc5 23. Qf2 f5 24. Qb2+ e5 25. Nxe5 Kg8 26. cxd5
cxd5 27. Nxg6 hxg6 28. Qf6 Rg7 29. Qd8+ Qf8 30. Bxd5+ Be6 31. Bxe6+ Kh8 32.
Rh3+ Rh7 33. Rxb7 1-0

[Event "16th Open"]
[Site "Abu Dhabi UAE"]
[Date "2006.08.13"]
[Round "2"]
[White "Odeev,H"]
[Black "Lodhi,M"]
[Result "1/2-1/2"]
[WhiteElo "2492"]
[BlackElo "2360"]
[EventDate "2006.08.12"]

1. e4 e5 2. Nf3 Nc6 3. Bb5 a6 4. Ba4 Nf6 5. O-O Be7 6. Re1 b5 7. Bb3 d6 8.
c3 O-O 9. d4 Bb7 10. Nbd2 h6 11. Nf1 Re8 12. Ng3 Bf8 13. a3 Na5 14. Bc2 c5
15. d5 c4 16. h3 g6 17. Be3 Bg7 18. Nh2 Bc8 19. a4 Bd7 20. Ra3 Kh7 21. Qd2
Qc7 22. axb5 axb5 23. Rea1 Ra6 24. Qd1 Rea8 25. Nf3 Bc8 26. Nd2 Nd7 27. Qe2
Nc5 28. Kh1 Nab3 29. Rxa6 Rxa6 30. Rxa6 Bxa6 31. Nxb3 Nxb3 32. Qd1 Nc5 33.
Qa1 Qb6 34. Nf1 Bf6 35. Qc1 h5 36. Nd2 Qa5 37. Qb1 b4 38. cxb4 Qxb4 39. Qa2
Bb5 40. Qa3 Qxa3 41. bxa3 Bd8 42. Bxc5 dxc5 43. Nb1 Ba5 44. a4 Ba6 45. Na3
Kg7 46. Kg1 h4 47. Kf1 Kf6 48. Ke2 c3+ 49. Nb5 c4 50. Na7 Bb7 51. Bb1 Ke7
52. Nb5 Ba6 53. Kd1 Bxb5 54. axb5 Kd6 55. Ba2 Kc5 56. d6 Kxb5 57. d7 Kc5
58. Bb1 f6 59. Bc2 Kb4 60. Kc1 Bb6 61. Bd1 Kc5 62. Kc2 Kd4 63. Be2 Ba5 64.
Bf3 f5 65. exf5 gxf5 66. Be2 Bd8 67. Bh5 e4 68. Be2 f4 69. Kb1 Bf6 70. Kc2
Kc5 71. f3 1/2-1/2

[Event "16th Open"]
[Site "Abu Dhabi UAE"]
[Date "2006.08.13"]
[Round "2"]
[White "Kayumov,S"]
[Black "Aswin,J"]
[Result "1-0"]
[WhiteElo "2435"]
[BlackElo "2221"]
[EventDate "2006.08.12"]

1. e4 c5 2. Nf3 d6 3. Bb5+ Nd7 4. O-O Ngf6 5. Re1 a6 6. Bf1 b6 7. d3 e5 8.
c3 Bb7 9. Nbd2 Be7 10. d4 O-O 11. d5 Ne8 12. Nc4 g6 13. Bh6 Ng7 14. Qd2 Nf6
15. b4 cxb4 16. cxb4 Ng4 17. Be3 Nxe3 18. Qxe3 f5 19. Qxb6 fxe4 20. Qxb7
exf3 21. g3 Bg5 22. Rab1 Nf5 23. Qc6 Rf7 24. Bd3 Rc7 25. Qb6 Rb8 26. Qa5
Rb5 27. Qxa6 Rxd5 28. Rbd1 Nd4 29. Kh1 Rc6 30. Qa4 Nb5 31. Na5 Qb6 32. Nxc6
Qxc6 33. Bxb5 Rxb5 34. Qb3+ Kg7 35. a4 Rb6 36. b5 Qb7 37. Qd5 Qa7 38. Qe4
Rb8 39. Kg1 Rc8 1-0

[Event "16th Open"]
[Site "Abu Dhabi UAE"]
[Date "2006.08.13"]
[Round "2"]
[White "Lalith,B"]
[Black "Bistric,F"]
[Result "1-0"]
[WhiteElo "2297"]
[BlackElo "2426"]
[EventDate "2006.08.12"]

1. Nf3 c5 2. c4 Nf6 3. Nc3 b6 4. g3 Bb7 5. Bg2 e6 6. O-O Be7 7. Re1 d5 8.
cxd5 exd5 9. d4 O-O 10. Bf4 Nc6 11. Rc1 Ne4 12. dxc5 Nxc3 13. Rxc3 bxc5 14.
Qa4 Qd7 15. Rd1 Rfd8 16. Rcd3 d4 17. e3 Bf6 18. exd4 cxd4 19. Be3 h6 20.
Nxd4 Nxd4 21. Qxd7 Rxd7 22. Bxb7 Rxb7 23. Bxd4 Bxd4 24. Rxd4 Rxb2 25. R1d2
Rab8 26. Kg2 g6 27. Kf3 Rxd2 28. Rxd2 Rb5 29. Ke3 Kg7 30. Kd3 Kf6 31. Kc3
Ra5 32. Kd3 Kf5 33. h3 h5 34. h4 f6 35. Rc2 Ra4 36. f3 Ra3+ 37. Ke2 Ke5 38.
Rd2 g5 39. hxg5 fxg5 40. Kf2 g4 41. f4+ Ke4 42. Rc2 Kd4 43. Kg2 a5 44. Rf2
Rc3 45. f5 Rc7 46. f6 Rf7 47. Rf5 a4 48. Rxh5 Kc3 49. Ra5 Kb4 50. Ra6 Kb5
51. Re6 Kc5 52. Kf2 Kd5 53. Ra6 Ke5 54. Ke3 Rc7 55. Ra5+ Kxf6 56. Rxa4 Kf5
57. Ra5+ Ke6 58. Kf4 Rc4+ 59. Kg5 Re4 60. Ra3 Ke5 61. Ra8 Rb4 62. Re8+ Kd5
63. Kf5 Ra4 64. Rd8+ Kc6 65. Rd2 Kc5 66. Ke5 Ra3 67. Rc2+ Kb5 68. Kf4 Ra4+
69. Kf5 Kb6 70. Rf2 Kc6 71. Rf4 Rxa2 72. Rxg4 Kd5 73. Rg7 Rf2+ 74. Kg5 Ke6
75. g4 Rg2 76. Kh6 Ra2 77. g5 Kf5 78. Rf7+ Kg4 79. g6 Ra6 80. Rf2 Rb6 81.
Kh7 Kg5 82. g7 Rh6+ 83. Kg8 Ra6 84. Rg2+ Kh6 85. Kf8 1-0

[Event "16th Open"]
[Site "Abu Dhabi UAE"]
[Date "2006.08.13"]
[Round "2"]
[White "Schacht,H"]
[Black "Javakhishvili,L"]
[Result "0-1"]
[WhiteElo "2254"]
[BlackElo "2418"]
[EventDate "2006.08.12"]

1. d4 Nf6 2. c4 e6 3. Nc3 Bb4 4. Bg5 c5 5. d5 d6 6. e3 Bxc3+ 7. bxc3 h6 8.
Bh4 Qe7 9. Nf3 e5 10. Qc2 Nbd7 11. Nd2 g5 12. Bg3 Kd8 13. f3 Kc7 14. Bd3
Nb6 15. O-O-O Bd7 16. Rde1 Rae8 17. h4 Nh5 18. Bf2 g4 19. fxg4 Bxg4 20.
Ref1 Rhg8 21. Rhg1 Rg7 22. Be1 Nf6 23. e4 Reg8 24. Rf2 Nh5 25. Nf1 Bd7 26.
Ne3 Nf4 27. Rh1 Rg3 28. Rf3 Rxf3 29. gxf3 Qf6 30. Bf1 Nh5 31. Qf2 Rg6 32.
Kc2 Ng3 33. Rg1 Nxf1 34. Rxf1 Qg7 35. Kd3 f5 36. exf5 Rf6 37. Rg1 Qh7 38.
Qg3 Bxf5+ 39. Kd2 Rg6 40. Qh2 Rxg1 41. Qxg1 Bb1 42. Qf1 Bxa2 43. f4 Qb1 0-1

[Event "16th Open"]
[Site "Abu Dhabi UAE"]
[Date "2006.08.13"]
[Round "2"]
[White "Qaddara,A"]
[Black "Lomineishvili,M"]
[Result "0-1"]
[WhiteElo "2243"]
[BlackElo "2380"]
[EventDate "2006.08.12"]

1. Nf3 d5 2. b3 Nf6 3. Bb2 e6 4. e3 Bd6 5. Ne5 O-O 6. f4 c5 7. Be2 Nbd7 8.
O-O Qc7 9. Nxd7 Nxd7 10. Nc3 a6 11. Rf3 f5 12. Bf1 Nf6 13. Ne2 Bd7 14. d3
b5 15. Rh3 e5 16. fxe5 Bxe5 17. Bxe5 Qxe5 18. d4 Qe7 19. Nf4 c4 20. Rg3 Bc6
21. Nh5 Nxh5 22. Qxh5 f4 23. Rh3 g6 24. Qh6 Bd7 25. Rf3 Bg4 0-1

[Event "16th Open"]
[Site "Abu Dhabi UAE"]
[Date "2006.08.13"]
[Round "2"]
[White "Hassan,Ab"]
[Black "Coleman,J"]
[Result "1/2-1/2"]
[WhiteElo "2365"]
[BlackElo "2188"]
[EventDate "2006.08.12"]

1. d4 d5 2. c4 dxc4 3. Nf3 Nf6 4. e3 e6 5. Bxc4 c5 6. O-O a6 7. b3 Nbd7 8.
Bb2 Be7 9. Nbd2 O-O 10. Be2 b6 11. Nc4 Bb7 12. Rc1 Rc8 13. dxc5 Bxc5 14.
Nd6 Bxd6 15. Qxd6 Nc5 16. Rcd1 Qxd6 17. Rxd6 Nd5 18. Nd4 Ne4 19. Rd7 Nc5
20. Rd6 Ne4 1/2-1/2

[Event "16th Open"]
[Site "Abu Dhabi UAE"]
[Date "2006.08.13"]
[Round "2"]
[White "Mamedjarova,T"]
[Black "El Arousy,A"]
[Result "1-0"]
[WhiteElo "2241"]
[BlackElo "2352"]
[EventDate "2006.08.12"]

1. e4 e6 2. d4 d5 3. exd5 exd5 4. Bd3 Nc6 5. c3 Bd6 6. Qf3 Be6 7. Ne2 Qd7
8. h3 Nge7 9. Nf4 Bf5 10. O-O h5 11. Re1 Bxd3 12. Nxd3 f6 13. Bf4 g5 14.
Bxd6 Qxd6 15. Nc5 Nd8 16. Na3 Kf7 17. Re2 g4 18. Qd3 Ng6 19. Nb5 Qc6 20.
Qf5 b6 21. Nd7 Kg7 22. Rae1 Rg8 23. Re7+ Nxe7 24. Rxe7+ Nf7 25. Ne5 Qxb5
26. Rxf7+ 1-0

[Event "16th Open"]
[Site "Abu Dhabi UAE"]
[Date "2006.08.13"]
[Round "2"]
[White "Amanov,M"]
[Black "Ibrahim,I UAE"]
[Result "0-1"]
[WhiteElo "2372"]
[BlackElo "2133"]
[EventDate "2006.08.12"]

1. d4 d5 2. Nf3 c6 3. c4 e6 4. Nc3 dxc4 5. a4 Bb4 6. e3 b5 7. Bd2 a5 8.
axb5 Bxc3 9. Bxc3 cxb5 10. b3 Bb7 11. bxc4 b4 12. Bd2 Nf6 13. Bd3 Ne4 14.
O-O Nd7 15. Qc2 f5 16. Rfd1 O-O 17. Be1 Qb6 18. Nd2 Nxd2 19. Qxd2 Bc6 20.
f3 Rfd8 21. Bh4 Nf6 22. Qf2 a4 23. d5 exd5 24. Bxf5 Bd7 25. c5 Qc6 26. Bd3
Rdb8 27. e4 b3 28. Bxf6 Qxf6 29. exd5 a3 30. c6 b2 31. Ra2 Bf5 32. c7 Bxd3
33. cxb8=Q+ Rxb8 34. h3 b1=Q 35. Rxb1 Rxb1+ 36. Kh2 Qf4+ 37. g3 Qc1 0-1

[Event "16th Open"]
[Site "Abu Dhabi UAE"]
[Date "2006.08.13"]
[Round "2"]
[White "Nadig,K"]
[Black "Jasim,A"]
[Result "1/2-1/2"]
[WhiteElo "2226"]
[BlackElo "2326"]
[EventDate "2006.08.12"]

1. e4 e6 2. d4 d5 3. Nc3 dxe4 4. Nxe4 Nd7 5. Nf3 Ngf6 6. Nxf6+ Nxf6 7. c3
c5 8. Ne5 a6 9. Bg5 Qd5 10. Bxf6 gxf6 11. Nc4 cxd4 12. Nb6 Qe4+ 13. Be2 Rb8
14. O-O dxc3 15. bxc3 Bc5 16. Rb1 O-O 17. Bd3 Qe5 18. Qf3 f5 19. Nxc8 b5
20. Rfe1 Qg7 21. Bxf5 Rbxc8 22. Bd3 Bd6 23. Re4 Qh6 24. g3 f5 25. Rh4 Qg6
26. c4 b4 1/2-1/2

[Event "16th Open"]
[Site "Abu Dhabi UAE"]
[Date "2006.08.13"]
[Round "2"]
[White "Nezad,H"]
[Black "Ahmed,I"]
[Result "1-0"]
[WhiteElo "2320"]
[BlackElo "2113"]
[EventDate "2006.08.12"]

1. e4 c5 2. Nf3 Nc6 3. Bb5 g6 4. Bxc6 bxc6 5. O-O Bg7 6. Re1 e5 7. c3 Ne7
8. d4 cxd4 9. cxd4 exd4 10. Nxd4 O-O 11. Nc3 Qc7 12. Bg5 Re8 13. Rc1 Rb8
14. Ncb5 Qe5 15. f4 Qxb5 16. Nxb5 cxb5 17. Bxe7 1-0

[Event "16th Open"]
[Site "Abu Dhabi UAE"]
[Date "2006.08.13"]
[Round "2"]
[White "Alavi,S"]
[Black "Marwan,A"]
[Result "1-0"]
[WhiteElo "2314"]
[BlackElo "2033"]
[EventDate "2006.08.12"]

1. e4 c5 2. Nf3 e6 3. d4 cxd4 4. Nxd4 a6 5. Nc3 Qc7 6. Bd3 Nc6 7. Be3 Nf6
8. O-O Be7 9. Kh1 O-O 10. f4 d6 11. Qf3 Re8 12. Qg3 Kh8 13. e5 Nh5 14. Qf3
g6 15. exd6 Qxd6 16. Ne4 Qd5 17. Nxc6 bxc6 18. Qf2 f5 19. Bd4+ Kg8 20. Nc3
Qa5 21. Bc4 Nf6 22. a3 c5 23. b4 cxb4 24. Bb6 Bc5 25. Bxc5 bxc3 26. Qd4 Kg7
27. Rab1 Qd8 28. Qe5 Kf7 29. Rfd1 Nd7 30. Qd6 Qf6 31. Qc7 Qd8 32. Qd6 Qf6
33. Bd4 Qe7 34. Qc6 Rb8 35. Bxc3 Rxb1 36. Rxb1 Qc5 37. Qxc5 Nxc5 38. h3 Ne4
39. Ba5 Nd2 40. Bxd2 1-0

[Event "16th Open"]
[Site "Abu Dhabi UAE"]
[Date "2006.08.13"]
[Round "2"]
[White "Salem,AR"]
[Black "Motoc,A"]
[Result "0-1"]
[WhiteElo "2154"]
[BlackElo "2309"]
[EventDate "2006.08.12"]

1. d4 Nf6 2. c4 g6 3. Nc3 Bg7 4. e4 d6 5. f3 Nc6 6. Be3 a6 7. Nge2 Rb8 8.
Qd2 h5 9. h3 Bd7 10. f4 b5 11. e5 b4 12. exf6 bxc3 13. Nxc3 Bxf6 14. Ne4
Bg7 15. g3 Qc8 16. Rb1 Bf5 17. Bg2 d5 18. cxd5 Nb4 19. Rc1 Nxd5 20. Bf2 Qe6
21. Qe2 h4 22. Nc3 hxg3 23. Bxg3 Ne3 24. Bf3 Bxd4 25. Bf2 c5 26. Na4 Nc2+
27. Kf1 Qd7 28. Qxa6 Nb4 29. Qa5 Bxh3+ 30. Kg1 Nd3 31. Rc2 Bxf2+ 32. Rxf2
Qd4 33. Qd2 Qxf2+ 34. Qxf2 Nxf2 35. Kxf2 Kd7 36. Rxh3 Rxh3 37. Bg4+ Kd6 38.
Bxh3 Rb4 39. Nc3 Rxf4+ 40. Ke3 Rb4 41. b3 c4 42. bxc4 Rxc4 43. Kd3 Rh4 44.
Bg2 Rh2 45. Bb7 Kc5 46. Ne4+ Kb4 47. Bd5 f5 48. Ng5 e5 49. Bf7 Rg2 50. Ne6
g5 51. Bg6 f4 52. Ke4 Re2+ 53. Kf3 Re3+ 54. Kg4 Rg3+ 55. Kf5 f3 56. Bh5 g4
57. a3+ Kxa3 0-1

[Event "16th Open"]
[Site "Abu Dhabi UAE"]
[Date "2006.08.13"]
[Round "2"]
[White "Khouri,I"]
[Black "Pourkashiyan,A"]
[Result "0-1"]
[WhiteElo "2035"]
[BlackElo "2298"]
[EventDate "2006.08.12"]

1. e4 c5 2. Nc3 e6 3. f4 d5 4. e5 Nc6 5. Nf3 Nge7 6. d3 Ng6 7. g3 Be7 8.
Bg2 f6 9. exf6 Bxf6 10. O-O O-O 11. Re1 a6 12. Rb1 b5 13. Ne2 Qb6 14. Kh1
Bb7 15. Neg1 Rae8 16. c3 Kh8 17. h4 Rf7 18. Nh3 Nf8 19. Ne5 Bxe5 20. fxe5
d4 21. Qh5 Nd8 22. Bg5 Bxg2+ 23. Kxg2 Qc6+ 24. Kh2 Rf5 25. g4 g6 26. gxf5
gxh5 27. Bh6 Kg8 28. Rg1+ Ng6 29. fxg6 hxg6 30. cxd4 Qf3 31. dxc5 Nc6 32.
Rbf1 Qxd3 33. Nf4 Qe4 34. Rg2 Nxe5 35. Nxh5 Ng4+ 36. Kg1 Ne3 37. Rf4 Qxg2+
0-1

[Event "16th Open"]
[Site "Abu Dhabi UAE"]
[Date "2006.08.14"]
[Round "3"]
[White "Grigoriants,S RUS"]
[Black "Ibrahimov,R"]
[Result "1/2-1/2"]
[WhiteElo "2579"]
[BlackElo "2528"]
[EventDate "2006.08.12"]

1. e4 c5 2. Nf3 d6 3. d4 cxd4 4. Nxd4 Nf6 5. Nc3 a6 6. Be3 e5 7. Nb3 Be6 8.
Qd2 Nbd7 9. f3 Be7 10. O-O-O h5 11. Bd3 Rc8 12. h3 h4 13. f4 Qc7 14. Rhe1
b5 15. Kb1 Kf8 16. Nd5 Bxd5 17. exd5 e4 18. Be2 Nb6 19. Bxb6 Qxb6 20. Qd4
Bd8 21. Bg4 Rc4 22. Qxb6 Bxb6 23. Nd2 Rd4 24. c3 Rxd5 25. Nxe4 1/2-1/2

[Event "16th Open"]
[Site "Abu Dhabi UAE"]
[Date "2006.08.14"]
[Round "3"]
[White "Mamedov,Rau"]
[Black "Rausis,I"]
[Result "1/2-1/2"]
[WhiteElo "2561"]
[BlackElo "2510"]
[EventDate "2006.08.12"]

1. e4 c6 2. d4 d5 3. Nd2 dxe4 4. Nxe4 Bf5 5. Ng3 Bg6 6. h4 h6 7. f4 e6 8.
Nf3 Nd7 9. h5 Bh7 10. Bd3 Bxd3 11. Qxd3 Bd6 12. Bd2 Qc7 13. Ne5 Rd8 14. Qb3
Ngf6 15. O-O-O O-O 16. Kb1 c5 17. c3 1/2-1/2

[Event "16th Open"]
[Site "Abu Dhabi UAE"]
[Date "2006.08.14"]
[Round "3"]
[White "Bakre,T"]
[Black "Potkin,V"]
[Result "1/2-1/2"]
[WhiteElo "2454"]
[BlackElo "2556"]
[EventDate "2006.08.12"]

1. d4 d5 2. Nf3 Nf6 3. e3 e6 4. Bd3 c5 5. b3 Nc6 6. Nbd2 Bd6 7. Bb2 Qe7 8.
Ne5 cxd4 9. exd4 Ba3 10. Bxa3 Qxa3 11. Ndf3 O-O 12. O-O Bd7 13. Qc1 Qxc1
14. Rfxc1 Rfc8 15. a3 1/2-1/2

[Event "16th Open"]
[Site "Abu Dhabi UAE"]
[Date "2006.08.14"]
[Round "3"]
[White "Kengis,E"]
[Black "Darban,M"]
[Result "1-0"]
[WhiteElo "2539"]
[BlackElo "2390"]
[EventDate "2006.08.12"]

1. d4 Nf6 2. c4 e6 3. Nf3 d5 4. Nc3 dxc4 5. e4 Bb4 6. Bg5 c5 7. e5 cxd4 8.
Qa4+ Nc6 9. O-O-O Bd7 10. Ne4 Be7 11. exf6 gxf6 12. Bh4 Nb4 13. Qxb4 Bxb4
14. Nxf6+ Kf8 15. Rxd4 Be7 16. Ne5 Ba4 17. Rxd8+ Rxd8 18. Be2 c3 19. bxc3
Ba3+ 20. Kb1 Rd2 21. Bd3 b5 22. Bg5 Rxf2 23. Ned7+ Kg7 24. Ng4 Rb2+ 25. Ka1
h5 26. Bf6+ Kg8 27. Nge5 Rxg2 28. Be4 1-0

[Event "16th Open"]
[Site "Abu Dhabi UAE"]
[Date "2006.08.14"]
[Round "3"]
[White "Amin,B"]
[Black "Gashimov,V"]
[Result "0-1"]
[WhiteElo "2453"]
[BlackElo "2644"]
[EventDate "2006.08.12"]

1. e4 c5 2. Nf3 d6 3. d3 Nc6 4. g3 g6 5. Bg2 Bg7 6. O-O e5 7. c3 Nge7 8.
Nbd2 O-O 9. Nh4 Kh8 10. f4 f5 11. Ndf3 Be6 12. Ng5 Bg8 13. Be3 exf4 14.
gxf4 h6 15. exf5 Rxf5 16. Bh3 hxg5 17. Nxg6+ Nxg6 18. Bxf5 Nce7 19. Be4
gxf4 20. Qh5+ Bh7 21. Rxf4 Qg8 22. Rg4 d5 23. Bxg6 Nxg6 24. Kh1 Ne5 25. Rg3
Nxd3 26. Rh3 d4 27. cxd4 cxd4 28. Rd1 dxe3 29. Rxd3 Rc8 30. Rdxe3 Bd4 31.
Re1 Bxb2 32. Rg1 Bg7 33. Rhg3 Rc7 34. Re3 Rf7 35. Rh3 b6 36. Qd5 Qe8 37.
Rh4 Re7 38. Qg2 Bf6 39. Rf4 Be4 40. Rxe4 Rxe4 41. Qf3 Bg7 42. Qh3+ Kg8 0-1